000 00386nam a2200157Ia 4500
008 230606s2022 xx 000 0 und d
041 _aeng
100 _aRao/Wren
245 _aWren and martin high school english grammar and composition
260 _bBlack well pub.
_c2022
300 _a384p
500 _a2278
520 _aGeneral
520 _aHard Board
650 _aG.SKILL
999 _c421293
_d421293